Catálogo

METODOS DE INVESTIGACION EN PSICOLOGIA (Registro nro. 60781)

Detalles MARC
000 -LEADER
fixed length control field 00505nam a2200181 a 4500
001 - CONTROL NUMBER
control field 60781
005 - DATE AND TIME OF LATEST TRANSACTION
control field 20180714062158.0
008 - FIXED-LENGTH DATA ELEMENTS--GENERAL INFORMATION
fixed length control field 140415s1980 mx 000 0 spa d
041 ## - LANGUAGE CODE
Language code of text/sound track or separate title spa
082 ## - DEWEY DECIMAL CLASSIFICATION NUMBER
Classification number 150.072
Item number ARI
100 1# - MAIN ENTRY--PERSONAL NAME
Personal name ARIAS GALICIA, FERNANDO
245 10 - TITLE STATEMENT
Title METODOS DE INVESTIGACION EN PSICOLOGIA
250 ## - EDITION STATEMENT
Edition statement 1a ed.
260 ## - PUBLICATION, DISTRIBUTION, ETC.
Place of publication, distribution, etc. MEXICO :
Name of publisher, distributor, etc. TRILLAS,
Date of publication, distribution, etc. 1980
300 ## - PHYSICAL DESCRIPTION
Extent 71
490 ## - SERIES STATEMENT
Series statement LA PSICOLOGIA ENFOCADA A LAS ORGANIZACIONES
650 14 - SUBJECT ADDED ENTRY--TOPICAL TERM
Topical term or geographic name entry element METODOLOGIA EN PSICOLOGIA
Existencias
Withdrawn status Lost status Source of classification or shelving scheme Damaged status Not for loan Collection code Home library Current library Shelving location Date acquired Source of acquisition Inventory number Total Checkouts Full call number Barcode Date last seen Date last checked out Price effective from Koha item type
    Dewey Decimal Classification     General Biblioteca Karol Wojtyla Biblioteca Karol Wojtyla Sala general 03/12/2013 Compra 151000000000000000061283   150.072 ARI 9256 05/01/2026 27/09/2014 03/12/2013 Libro